Administración de los sistemas de información (Registro nro. 12105)

Detalles MARC
000 -Cabecera
Campo de control de longitud fija 01948nam a22005657a 4500
005 - Fecha y hora de la última transacción
Campo de control 20250610120554.0
008 - Elementos de longitud fija--Información general
Campo de control de longitud fija 190619b2017 xxu||||| |||| 00| 0 spa d
020 ## - International Standard Book Number
Número Internacional Estándar del Libro (ISBN) 9786075229416
041 ## - Idioma
Código de idioma
082 ## - Clasificación Decimal Dewey
Número de clasificación 658.403.801.1 SO725a7
100 ## - Entrada principal--Autor personal
Nombre personal Sousa, Kenneth J.
9 (RLIN) 54704
100 ## - Entrada principal--Autor personal
Nombre personal Oz, Effy
9 (RLIN) 29267
245 ## - Título propiamente dicho
Título Administración de los sistemas de información
250 ## - Edición
Mención de edición 7 edición
260 ## - Pie de imprenta
Lugar de publicación, distribución, etc. México
260 ## - Pie de imprenta
Nombre del editor, distribuidor, etc. Cengage Learning
260 ## - Pie de imprenta
Fecha de publicación, distribución, etc. 2017
300 ## - Descripción física
Extensión 531 páginas
490 ## - Serie
Título de la Serie Dirección y Administración de Empresas
505 ## - Nota de contenido
Nota de contenido Parte I. La era de la Información<br/>Parte II. Tecnología de información<br/>Parte III. Comercio habilitado para la Web<br/>Parte IV. Soporte a las decisiones e inteligencia de negocios<br/>Parte V. Planeación, adquisición y controles
650 ## - Materia general
Temática (materia general) SISTEMAS
650 ## - Materia general
Temática (materia general) ERA DE LA ADMINISTRACIÓN
650 ## - Materia general
Temática (materia general) ADMINISTRACIÓN
650 ## - Materia general
Temática (materia general) SISTEMAS Y SUBSISTEMAS
650 ## - Materia general
Temática (materia general) SISTEMAS DE INFORMACIÓN
650 ## - Materia general
Temática (materia general) LA TI COMO HERRAMIENTA ESTRATÉGICA
650 ## - Materia general
Temática (materia general) MERCADOTECNIA DIRIGIDA
650 ## - Materia general
Temática (materia general) TECNOLOGÍA DE INFORMACIÓN
650 ## - Materia general
Temática (materia general) CADENAS DE SUMINISTRO
650 ## - Materia general
Temática (materia general) TECNOLOGÍAS DE LA INFORMACIÓN
650 ## - Materia general
Temática (materia general) HARDWARE EMPRESARIAL
650 ## - Materia general
Temática (materia general) MEDIOS DE ALMACENAMIENTO
650 ## - Materia general
Temática (materia general) SOFTWARE EMPRESARIAL
650 ## - Materia general
Temática (materia general) HIPERMEDIA Y MULTIMEDIA
650 ## - Materia general
Temática (materia general) LICENCIAS DE SOFTWARE
650 ## - Materia general
Temática (materia general) BIG DATA
650 ## - Materia general
Temática (materia general) COMERCIO HABILITADO PARA LA WEB
650 ## - Materia general
Temática (materia general) TELECOMUNICACIONES
650 ## - Materia general
Temática (materia general) TECNOLOGÍAS DE LA WEB
650 ## - Materia general
Temática (materia general) ALOJAMIENTO WEB
650 ## - Materia general
Temática (materia general) JURIDICCIÓN LEGAL EN EL CIBERESPACIO
650 ## - Materia general
Temática (materia general) SISTEMAS DE INFORMACIÓN GEOGRÁFICOS
650 ## - Materia general
Temática (materia general) MINERÍA DE DATOS
650 ## - Materia general
Temática (materia general) ELECCIÓN EN LA ADQUISICIÓN DE SISTEMAS
650 ## - Materia general
Temática (materia general) METAS DE SEGURIDAD DE LA INFORMACIÓN
650 ## - Materia general
Temática (materia general) BASE DE DATOS
650 ## - Materia general
Temática (materia general) INTELIGENCIA DE NEGOCIOS
650 ## - Materia general
Temática (materia general) RIESGOS
942 ## - Punto de acceso adicional KOHA
Tipo de ítem KOHA Libro
Fuente del sistema de clasificación o colocación Dewey Decimal Classification
Existencias
Signatura completa Código de barras Programa Académico Tipo de ítem
658.403.801.1 SO725a7 24421 Dirección y Administración de Empresas Libro